000 00487nam a2200205Ia 4500
003 OSt
005 20140319131328.0
008 140130s9999 xx 000 0 und d
020 _a043933490X
050 _aPZ 7
_b.R32875To 2002
100 _aRex, Michael
245 _cMichael Rex
_aThe Tooth Fairy /
260 _bScholastic,
_c2002.
_aChicago :
300 _a31 p. :
_bcol. ill. ;
_c21 cm.
440 _v1
521 _aBR
526 _cBR
942 _cBK
_2lcc
999 _c41565
_d41565